[Event "Olympiad Women-09"]
[Site "Valetta"]
[Date "1980.12.03"]
[Round "12"]
[White "Legendre, Josiane"]
[Black "Csonkics, Tunde"]
[Result "0-1"]
[WhiteElo "1910"]
[BlackElo "2150"]
[PlyCount "90"]
[EventDate "1980.11.20"]
[EventType "team-swiss"]
[EventRounds "14"]
[EventCountry "MLT"]
[SourceTitle "EXT 2019"]
[Source "ChessBase"]
[SourceDate "2018.10.10"]
[SourceVersion "1"]
[SourceVersionDate "2018.10.10"]
[SourceQuality "1"]
[WhiteTeam "France (W)"]
[BlackTeam "Hungary (W)"]
[WhiteTeamCountry "FRA"]
[BlackTeamCountry "HUN"]

1. e4 c5 2. Nf3 d6 3. d4 cxd4 4. Nxd4 Nf6 5. Nc3 a6 6. Be2 e5 7. Nb3 Be7 8. Be3 Be6 9. a4 0-0 10. a5 Nbd7 11. 0-0 Rc8 12. f3 Qc7 13. Kh1 Rfd8 14. f4 Bc4 15. Bxc4 Qxc4 16. Qf3 exf4 17. Bxf4 Ne5 18. Bxe5 dxe5 19. Nd5 Nxd5 20. Qxf7+ Kh8 21. Nd2 Qxc2 22. exd5 Qxd2 23. Qxe7 Qxd5 24. Rf7 Qd1+ 25. Rf1 Qd5 26. Rf7 Qd1+ 27. Rf1 Qd5 28. Rf7 Re8 29. Qxb7 Qxb7 30. Rxb7 e4 31. Kg1 Rc2 32. Re1 Kg8 33. Rb4 e3 34. Rb6 Rd8 35. Rxa6 Rxb2 36. Re6 Rdd2 37. R6xe3 Rxg2+ 38. Kh1 Rxh2+ 39. Kg1 Rhg2+ 40. Kh1 h6 41. a6 Rh2+ 42. Kg1 Rbg2+ 43. Kf1 Ra2 44. Kg1 Rhg2+ 45. Kh1 Rg6 0-1